000 00724nam a2200205 a 4500
001 000022132
005 20240412074250.0
008 100917s1994 dr 000 j spa d
040 _aDO-SdBNP
_bspa
_cBNPHU
082 _aRD863.44
_bE82d
100 1 _aEstrella Veloz, Santiago
_928982
245 1 0 _aDonde mueren los pájaros y otras historias :
_bcuentos /
_cSantiago Estrella Veloz ; prólogo Lipe Collado.
260 _aSanto Domingo :
_bCollado & Asociados,
_c1994.
300 _a125 p. ;
_c22 cm.
500 _aIncluye datos biográficos del autor en la contraportada.
650 0 _aCuentos dominicanos
_9176
650 0 _aLiteratura dominicana.
_967
049 _aBNPD
700 1 _aCollado, Lipe,
_d1947-
_epról.
_979819
999 _c21630
_d21630